01330nab a2200337 a 450000100060000000300080000600500170001400600190003100700150005000800410006502200140010603500220012004000260014205000210016808000080018908200120019710000280020922200360023724501940027326000870046730000160055431000150057036200190058553301640060465000490076865000460081765500320086371000190089585600610091499900170097596833FlNmELB20241217172623.0m o d | cr cn|||||||||201201r2005 mx |||||s|||||||||||spa d a0186-1042 a(OCoLC)1105414886 aFlNmELBbspacFlNmELB 4aHB71bC9658 2005 a33004a3302221 aCuevas Moreno, Ricardo. 0aContaduría y Administración13aLa construcción de la ética de la empresa o ética de los negocios. Primera parteh[recurso electronico] :bLas formas a partir de la adopción de la ética /cRicardo Cuevas Moreno. aDistrito Federal (México) :bUniversidad Nacional Autónoma de México,c2005. a119-142 pp. aTrimestral0 aNo. 216(2005)- aRecurso electrónico. Santa Fe, Arg.: e-libro, 2015. Disponible vía World Wide Web. El acceso puede estar limitado para las bibliotecas afiliadas a e-libro. 4aNegocios y economía.xética comerciales. 4aBusiness and Economics.xBusiness ethics. 4aArtículos electrónicos.2 ae-libro, Corp.40uhttps://elibro.net/ereader/politecnicointernacional/7771 c96833d96833